Statistics for Lana del Rey Songs by Lines

Click here to take the quiz!

General Stats

  • This quiz has been taken 113 times
  • The average score is 9 of 20

Answer Stats

Lyrics Song % Correct
Oh my God, I feel it in the air. Telephone wires above are sizzlin' like a snareSummertime Sadness
93%
Money is the reason we exist. Everybody knows it, it's a fact. Kiss, kiss.National Anthem
81%
I can hear sirens, sirens. He hit me and it felt like a kiss. I can hear violins, violins.Ultraviolence
61%
Hello, hello. Ca-can you hear me? I can be your china doll, if you want to see me fall.Without You
60%
Big dreams, gangster. Said you had to leave to start your life over.Blue Jeans
60%
We get crazy every Friday night, I drop it like it's hot in the pale moonlight.Body Electric
59%
No one's gonna take my soul away, I'm living like Jim Morrison.Gods & Monsters
57%
Guns and the summertime. Chica, cherry, cola, lime. Prison don't mean nothing to me, if you'll stay by my side.Florida Kilos
47%
'Cause I like quite a lot, everything you got. Don't you know? It's you that I adore, though I make all the boys fall like dominoesLolita
46%
You make me crazy, you make me wild. Just like a baby, spin me around.American
43%
Everyone can start again. Not through love but through revenge. Through the fire we're born again. Peace by vengeance, brings the end.High By The Beach
43%
Now it's time to eat - soft ice creamSalvatore
41%
Sneak up on you, really quiet, whiper: "Am I what your heart desires?" I could be your ingenue.Serial Killer
37%
You got me spinning like a ballerina. You the bad boy that I always dreamed of.Queen of Disaster
33%
Femme fatale, always on the run. Diamonds on my wrist, whiskey on my tongue.Kinda Outta Luck
33%
Back to Santa Monica, New York to L.A. Never coming back no matter what you do or I'll say I am done being ______Afraid
19%
I'm glamorous! Famous! Notorious! Dangerous! But you're crazy!Noir
18%
You don't get it, you just don't get it. You've already forgotten even though I just said it.St Tropez (Party Girl)
17%
We got a jumper, got a jumper, got a jumper, got a junk on. My man's crazy and his mind is a knife. But I like him - fact I love him. I can't get e-e-enough of him.Backfire
14%
The voice of Nirvana says,"Come as you are". And I will. The night time is almost ours.Oh Say Can You See
11%

Score Distribution

Percentile by Number Answered

Percent of People with Each Score

Your Score History

You have not taken this quiz